[Event "European Women's Championship"]
[Site "Vysoke Tatry"]
[Date "2018.04.11"]
[Round "4"]
[White "Khotenashvili, Bela"]
[Black "Mamedjarova, Zeinab"]
[Result "1-0"]
[Board "14"]
[WhiteElo "2484"]
[WhiteTitle "GM"]
[WhiteCountry "GEO"]
[WhiteFideId "13602640"]
[WhiteEloChange "3"]
[BlackElo "2355"]
[BlackTitle "WGM"]
[BlackCountry "AZE"]
[BlackFideId "13401521"]
[BlackEloChange "-6"]

1. d4 {[%clk 1:30:49]} d5 {[%clk 1:30:53]} 2. Bf4 {[%clk 1:31:11]} e6 {[%clk
1:29:57]} 3. e3 {[%clk 1:31:23]} Bd6 {[%clk 1:30:12]} 4. Nf3 {[%clk 1:30:47]} Nf6
{[%clk 1:30:15]} 5. Nbd2 {[%clk 1:30:45]} O-O {[%clk 1:28:55]} 6. Bd3 {[%clk
1:29:59]} c5 {[%clk 1:24:37]} 7. Bg3 {[%clk 1:29:15]} Nc6 {[%clk 1:23:15]} 8. c3
{[%clk 1:29:12]} Qe7 {[%clk 1:16:06]} 9. Ne5 {[%clk 1:29:08]} Nd7 {[%clk
1:08:05]} 10. f4 {[%clk 1:23:54]} f6 {[%clk 1:03:07]} 11. Nxd7 {[%clk 0:52:54]}
Bxd7 {[%clk 1:03:21]} 12. Qc2 {[%clk 0:53:19]} g6 {[%clk 0:57:52]} 13. dxc5
{[%clk 0:43:53]} Bxc5 {[%clk 0:58:08]} 14. Bf2 {[%clk 0:42:23]} a5 {[%clk
0:42:20]} 15. O-O {[%clk 0:39:58]} f5 {[%clk 0:41:04]} 16. a3 {[%clk 0:31:12]}
Rfc8 {[%clk 0:40:54]} 17. Rae1 {[%clk 0:28:45]} Rab8 {[%clk 0:40:36]} 18. b4
{[%clk 0:24:16]} Bb6 {[%clk 0:35:55]} 19. Qb3 {[%clk 0:24:14]} Nd8 {[%clk
0:28:01]} 20. c4 {[%clk 0:23:07]} axb4 {[%clk 0:26:11]} 21. axb4 {[%clk 0:22:53]}
dxc4 {[%clk 0:25:37]} 22. Nxc4 {[%clk 0:22:59]} Bc7 {[%clk 0:24:50]} 23. b5
{[%clk 0:18:39]} b6 {[%clk 0:21:46]} 24. e4 {[%clk 0:17:56]} fxe4 {[%clk
0:19:02]} 25. Bxe4 {[%clk 0:15:58]} Nb7 {[%clk 0:16:58]} 26. Bxb7 {[%clk
0:11:24]} Rxb7 {[%clk 0:17:18]} 27. Bd4 {[%clk 0:11:32]} Rf8 {[%clk 0:12:11]} 28.
Re4 {[%clk 0:07:48]} Rf5 {[%clk 0:07:13]} 29. Ne5 {[%clk 0:01:17]} Bxe5 {[%clk
0:06:13]} 30. Rxe5 {[%clk 0:01:23]} Rxe5 {[%clk 0:05:17]} 31. fxe5 {[%clk
0:01:51]} Be8 {[%clk 0:04:32]} 32. Be3 {[%clk 0:01:27]} Rb8 {[%clk 0:02:24]} 33.
h3 {[%clk 0:01:29]} Bf7 {[%clk 0:02:03]} 34. Kh1 {[%clk 0:01:07]} Qc7 {[%clk
0:02:00]} 35. Qb2 {[%clk 0:00:58]} Qd7 {[%clk 0:00:38]} 36. Qf2 {[%clk 0:01:05]}
Rb7 {[%clk 0:00:35]} 37. Bh6 {[%clk 0:01:07]} Qd8 {[%clk 0:00:37]} 38. Rc1 {[%clk
0:00:59]} Rb8 {[%clk 0:00:34]} 39. Kh2 {[%clk 0:00:32]} g5 {[%clk 0:00:52]} 40.
Rc6 {[%clk 0:30:43]} Qe7 {[%clk 0:30:33]} 41. Qg3 {[%clk 0:20:54]} Bg6 {[%clk
0:10:57]} 42. Bxg5 {[%clk 0:20:49]} Qd7 {[%clk 0:10:49]} 43. Bh6 {[%clk 0:20:08]}
Qd3 {[%clk 0:06:39]} 44. Qg5 {[%clk 0:16:39]} Qd8 {[%clk 0:01:40]} 45. Qg4 {[%clk
0:14:30]} Qd7 {[%clk 0:01:06]} 46. Rxe6 {[%clk 0:13:45]} Qd3 {[%clk 0:01:13]} 47.
Rf6 {[%clk 0:12:03]} Kh8 {[%clk 0:00:41]} 48. Qf4 {[%clk 0:11:34]} Rg8 {[%clk
0:00:31]} 49. Rf8 {[%clk 0:09:16]} Bf5 {[%clk 0:00:37]} 50. Qg5 {[%clk 0:07:15]}
1-0

[Event "European Women's Championship"]
[Site "Vysoke Tatry"]
[Date "2018.04.11"]
[Round "4"]
[White "Arakhamia-Grant, Ketevan"]
[Black "Stefanova, Antoaneta"]
[Result "0-1"]
[Board "15"]
[WhiteElo "2347"]
[WhiteTitle "GM"]
[WhiteCountry "SCO"]
[WhiteFideId "13600168"]
[WhiteEloChange "-6"]
[BlackElo "2479"]
[BlackTitle "GM"]
[BlackCountry "FID"]
[BlackFideId "2902257"]
[BlackEloChange "3"]

1. e4 {[%clk 1:30:58]} e5 {[%clk 1:29:30]} 2. Nf3 {[%clk 1:31:22]} Nc6 {[%clk
1:29:54]} 3. Bb5 {[%clk 1:31:48]} a6 {[%clk 1:26:30]} 4. Ba4 {[%clk 1:32:12]} g6
{[%clk 1:26:50]} 5. c3 {[%clk 1:30:05]} Bg7 {[%clk 1:25:41]} 6. O-O {[%clk
1:28:50]} Nge7 {[%clk 1:20:30]} 7. d4 {[%clk 1:27:33]} exd4 {[%clk 1:19:32]} 8.
cxd4 {[%clk 1:27:58]} b5 {[%clk 1:19:54]} 9. Bb3 {[%clk 1:27:47]} O-O {[%clk
1:08:06]} 10. Nc3 {[%clk 1:21:37]} d6 {[%clk 1:05:54]} 11. h3 {[%clk 1:20:21]} h6
{[%clk 0:54:21]} 12. a3 {[%clk 1:13:47]} Kh7 {[%clk 0:49:02]} 13. Bf4 {[%clk
0:48:05]} Na5 {[%clk 0:44:41]} 14. Bc2 {[%clk 0:47:33]} Nc4 {[%clk 0:43:15]} 15.
Qc1 {[%clk 0:40:46]} f5 {[%clk 0:32:39]} 16. b3 {[%clk 0:33:08]} fxe4 {[%clk
0:20:50]} 17. Bxe4 {[%clk 0:26:43]} d5 {[%clk 0:20:55]} 18. Bxc7 {[%clk 0:15:12]}
Qd7 {[%clk 0:21:20]} 19. Nxd5 {[%clk 0:15:12]} Nxd5 {[%clk 0:21:31]} 20. bxc4
{[%clk 0:15:14]} Nxc7 {[%clk 0:20:27]} 21. cxb5 {[%clk 0:14:42]} Rb8 {[%clk
0:13:10]} 22. Ne5 {[%clk 0:11:37]} Bxe5 {[%clk 0:11:20]} 23. dxe5 {[%clk
0:12:03]} axb5 {[%clk 0:10:00]} 24. Qc2 {[%clk 0:12:11]} Qg7 {[%clk 0:05:38]} 25.
Bxg6+ {[%clk 0:04:05]} Kh8 {[%clk 0:06:04]} 26. f4 {[%clk 0:03:33]} Nd5 {[%clk
0:04:56]} 27. Qd2 {[%clk 0:00:52]} Qxg6 {[%clk 0:02:48]} 28. Qxd5 {[%clk
0:01:17]} Bxh3 {[%clk 0:03:11]} 29. Rac1 {[%clk 0:00:53]} Rg8 {[%clk 0:01:08]}
30. Rf2 {[%clk 0:01:09]} Rbd8 {[%clk 0:01:19]} 31. Qf3 {[%clk 0:00:38]} Rd3
{[%clk 0:00:48]} 32. f5 {[%clk 0:00:33]} Rxf3 {[%clk 0:00:56]} 33. fxg6 {[%clk
0:00:54]} Rxf2 {[%clk 0:01:13]} 34. Kxf2 {[%clk 0:01:20]} Bf5 {[%clk 0:00:54]}
35. Rc5 {[%clk 0:01:11]} Rb8 {[%clk 0:01:01]} 36. Ke3 {[%clk 0:01:01]} Rb6 {[%clk
0:01:02]} 37. Kf4 {[%clk 0:00:36]} Bxg6 {[%clk 0:01:17]} 38. Rc7 {[%clk 0:00:33]}
Kg8 {[%clk 0:01:14]} 39. Ra7 {[%clk 0:00:42]} Bf7 {[%clk 0:00:55]} 40. g3 {[%clk
0:30:52]} Kf8 {[%clk 0:30:50]} 41. Kf5 {[%clk 0:27:24]} Be6+ {[%clk 0:23:02]} 42.
Ke4 {[%clk 0:22:30]} Rc6 {[%clk 0:18:20]} 43. Ra5 {[%clk 0:19:12]} Rc4+ {[%clk
0:16:46]} 44. Ke3 {[%clk 0:19:14]} Bd7 {[%clk 0:15:20]} 45. Ra6 {[%clk 0:16:23]}
Rc6 {[%clk 0:12:37]} 46. Ra8+ {[%clk 0:11:21]} Ke7 {[%clk 0:10:47]} 47. Rh8
{[%clk 0:11:14]} Rg6 {[%clk 0:08:57]} 48. Kf4 {[%clk 0:10:52]} Be8 {[%clk
0:04:57]} 49. Kf5 {[%clk 0:08:27]} Bf7 {[%clk 0:03:57]} 50. Rb8 {[%clk 0:05:53]}
Rg5+ {[%clk 0:04:22]} 51. Kf4 {[%clk 0:06:15]} Be8 {[%clk 0:04:46]} 52. Rb7+
{[%clk 0:05:20]} Bd7 {[%clk 0:04:17]} 53. Rb6 {[%clk 0:04:31]} Rg4+ {[%clk
0:04:30]} 54. Kf3 {[%clk 0:04:56]} h5 {[%clk 0:04:50]} 55. e6 {[%clk 0:02:36]}
Be8 {[%clk 0:05:13]} 0-1

[Event "European Women's Championship"]
[Site "Vysoke Tatry"]
[Date "2018.04.11"]
[Round "4"]
[White "Socko, Monika"]
[Black "Gara, Ticia"]
[Result "1/2-1/2"]
[Board "16"]
[WhiteElo "2471"]
[WhiteTitle "GM"]
[WhiteCountry "POL"]
[WhiteFideId "1106619"]
[WhiteEloChange "-2"]
[BlackElo "2330"]
[BlackTitle "WGM"]
[BlackCountry "HUN"]
[BlackFideId "717444"]
[BlackEloChange "4"]

1. d4 {[%clk 1:30:57]} Nf6 {[%clk 1:30:54]} 2. c4 {[%clk 1:31:23]} g6 {[%clk
1:31:04]} 3. Nf3 {[%clk 1:31:47]} Bg7 {[%clk 1:31:19]} 4. g3 {[%clk 1:32:09]} O-O
{[%clk 1:31:05]} 5. Bg2 {[%clk 1:32:34]} c6 {[%clk 1:30:53]} 6. O-O {[%clk
1:32:56]} d5 {[%clk 1:31:09]} 7. Ne5 {[%clk 1:33:18]} Nbd7 {[%clk 1:22:55]} 8.
Nxd7 {[%clk 1:33:28]} Bxd7 {[%clk 1:22:22]} 9. cxd5 {[%clk 1:32:11]} cxd5 {[%clk
1:21:28]} 10. Nc3 {[%clk 1:32:32]} e6 {[%clk 1:19:52]} 11. Bf4 {[%clk 1:26:52]}
Qb6 {[%clk 1:18:21]} 12. Qd2 {[%clk 1:25:13]} Nh5 {[%clk 1:13:39]} 13. Be3 {[%clk
1:23:53]} f5 {[%clk 1:11:57]} 14. Rfd1 {[%clk 1:23:10]} Qd6 {[%clk 1:03:53]} 15.
Bg5 {[%clk 1:14:09]} Rac8 {[%clk 0:51:18]} 16. Bf3 {[%clk 1:07:22]} Nf6 {[%clk
0:45:10]} 17. Bf4 {[%clk 0:59:38]} Qb6 {[%clk 0:45:31]} 18. Be5 {[%clk 0:58:19]}
Ne4 {[%clk 0:45:20]} 19. Bxe4 {[%clk 0:58:02]} fxe4 {[%clk 0:44:03]} 20. Bxg7
{[%clk 0:57:58]} Kxg7 {[%clk 0:44:31]} 21. Kg2 {[%clk 0:56:09]} Rf5 {[%clk
0:41:48]} 22. f3 {[%clk 0:54:33]} exf3+ {[%clk 0:37:23]} 23. exf3 {[%clk
0:55:01]} Rcf8 {[%clk 0:36:13]} 24. Rf1 {[%clk 0:55:23]} g5 {[%clk 0:32:14]} 25.
Rae1 {[%clk 0:51:06]} h6 {[%clk 0:31:18]} 26. Rf2 {[%clk 0:49:49]} a6 {[%clk
0:27:49]} 27. Nd1 {[%clk 0:47:15]} h5 {[%clk 0:21:58]} 28. Ne3 {[%clk 0:44:30]}
R5f6 {[%clk 0:21:06]} 29. b3 {[%clk 0:41:27]} g4 {[%clk 0:19:51]} 30. f4 {[%clk
0:39:02]} Be8 {[%clk 0:19:51]} 31. f5 {[%clk 0:38:20]} Bg6 {[%clk 0:17:46]} 32.
Kg1 {[%clk 0:34:48]} Bxf5 {[%clk 0:16:50]} 33. Ng2 {[%clk 0:35:15]} Qc7 {[%clk
0:11:12]} 34. Nf4 {[%clk 0:31:28]} Qf7 {[%clk 0:11:17]} 35. Re5 {[%clk 0:31:04]}
Rd8 {[%clk 0:06:36]} 36. Qe3 {[%clk 0:25:43]} Rd6 {[%clk 0:05:16]} 37. Ng2 {[%clk
0:25:02]} Qg6 {[%clk 0:03:49]} 38. Qe1 {[%clk 0:15:33]} Qf7 {[%clk 0:02:01]} 39.
Nf4 {[%clk 0:14:20]} Kg8 {[%clk 0:01:06]} 40. Rfe2 {[%clk 0:41:35]} Qd7 {[%clk
0:30:34]} 41. Nxh5 {[%clk 0:39:37]} Rh6 {[%clk 0:26:40]} 42. Nf4 {[%clk 0:36:49]}
Kf7 {[%clk 0:23:51]} 43. Rf2 {[%clk 0:33:37]} Rf6 {[%clk 0:14:30]} 44. Qe3 {[%clk
0:31:23]} Qc8 {[%clk 0:11:01]} 45. Nd3 {[%clk 0:13:57]} Bxd3 {[%clk 0:08:31]} 46.
Rxf6+ {[%clk 0:14:23]} Kxf6 {[%clk 0:08:58]} 47. Qxd3 {[%clk 0:14:50]} Qc1+
{[%clk 0:08:01]} 48. Kg2 {[%clk 0:15:19]} Rc6 {[%clk 0:07:24]} 49. Re2 {[%clk
0:15:46]} Rc3 {[%clk 0:05:08]} 50. Rf2+ {[%clk 0:14:14]} Ke7 {[%clk 0:02:40]} 51.
Qh7+ {[%clk 0:14:27]} Kd6 {[%clk 0:03:07]} 52. Qxb7 {[%clk 0:14:32]} Rc2 {[%clk
0:00:54]} 53. Qxa6+ {[%clk 0:14:19]} Ke7 {[%clk 0:01:23]} 54. Qb7+ {[%clk
0:14:00]} Kd6 {[%clk 0:01:34]} 55. Qf7 {[%clk 0:13:09]} Rxf2+ {[%clk 0:01:04]}
56. Qxf2 {[%clk 0:13:35]} Qb1 {[%clk 0:00:45]} 57. Qe2 {[%clk 0:12:36]} Ke7
{[%clk 0:00:57]} 58. h3 {[%clk 0:11:40]} gxh3+ {[%clk 0:01:19]} 59. Kxh3 {[%clk
0:11:58]} Qh1+ {[%clk 0:01:16]} 60. Kg4 {[%clk 0:12:24]} Qa1 {[%clk 0:00:49]} 61.
Qd2 {[%clk 0:12:20]} Qb1 {[%clk 0:01:05]} 62. Kh5 {[%clk 0:05:13]} Qh7+ {[%clk
0:01:00]} 63. Kg5 {[%clk 0:04:37]} Qf5+ {[%clk 0:00:51]} 64. Kh6 {[%clk 0:04:01]}
Qh3+ {[%clk 0:01:14]} 65. Kg6 {[%clk 0:04:20]} Qf5+ {[%clk 0:01:28]} 66. Kg7
{[%clk 0:04:18]} Qf8+ {[%clk 0:00:44]} 67. Kh7 {[%clk 0:04:28]} Qf5+ {[%clk
0:01:10]} 68. Kh6 {[%clk 0:04:51]} Qh3+ {[%clk 0:01:28]} 69. Kg6 {[%clk 0:05:18]}
Qf5+ {[%clk 0:01:54]} 70. Kg7 {[%clk 0:05:43]} Qf8+ {[%clk 0:02:09]} 71. Kg6
{[%clk 0:04:51]} 1/2-1/2

[Event "European Women's Championship"]
[Site "Vysoke Tatry"]
[Date "2018.04.11"]
[Round "4"]
[White "Atalik, Ekaterina"]
[Black "Theissl Pokorna, Regina"]
[Result "1/2-1/2"]
[Board "17"]
[WhiteElo "2452"]
[WhiteTitle "IM"]
[WhiteCountry "TUR"]
[WhiteFideId "4130189"]
[WhiteEloChange "-2"]
[BlackElo "2320"]
[BlackTitle "WGM"]
[BlackCountry "AUT"]
[BlackFideId "14902052"]
[BlackEloChange "4"]

1. d4 {[%clk 1:30:44]} Nf6 {[%clk 1:30:56]} 2. c4 {[%clk 1:31:01]} e6 {[%clk
1:31:22]} 3. Nf3 {[%clk 1:31:15]} Bb4+ {[%clk 1:31:41]} 4. Nbd2 {[%clk 1:31:17]}
O-O {[%clk 1:31:55]} 5. a3 {[%clk 1:31:34]} Be7 {[%clk 1:32:21]} 6. e4 {[%clk
1:31:20]} d6 {[%clk 1:32:44]} 7. Be2 {[%clk 1:30:47]} Nfd7 {[%clk 1:32:32]} 8.
Nf1 {[%clk 1:28:33]} e5 {[%clk 1:31:37]} 9. Ne3 {[%clk 1:26:44]} exd4 {[%clk
1:29:46]} 10. Nxd4 {[%clk 1:26:59]} Nc5 {[%clk 1:29:41]} 11. Nd5 {[%clk 1:22:26]}
Nxe4 {[%clk 1:16:44]} 12. O-O {[%clk 1:22:19]} Bf6 {[%clk 1:11:26]} 13. Re1
{[%clk 1:18:24]} Bh4 {[%clk 1:01:11]} 14. g3 {[%clk 1:15:31]} c6 {[%clk 1:00:52]}
15. Nf4 {[%clk 1:08:55]} Bf6 {[%clk 0:53:40]} 16. Nh5 {[%clk 1:02:10]} Nd7 {[%clk
0:52:50]} 17. Bf3 {[%clk 0:53:56]} d5 {[%clk 0:48:35]} 18. cxd5 {[%clk 0:51:45]}
cxd5 {[%clk 0:49:01]} 19. Nf4 {[%clk 0:50:32]} Ne5 {[%clk 0:35:04]} 20. Nxd5
{[%clk 0:34:06]} Nxf3+ {[%clk 0:28:59]} 21. Nxf3 {[%clk 0:34:27]} Bg4 {[%clk
0:29:08]} 22. Rxe4 {[%clk 0:34:14]} Bxf3 {[%clk 0:29:34]} 23. Ne7+ {[%clk
0:33:30]} Qxe7 {[%clk 0:28:57]} 24. Qxf3 {[%clk 0:33:54]} Qd7 {[%clk 0:29:15]}
25. Rb4 {[%clk 0:31:27]} b6 {[%clk 0:27:28]} 26. Be3 {[%clk 0:31:05]} Rfd8 {[%clk
0:26:36]} 27. a4 {[%clk 0:29:53]} Qd5 {[%clk 0:23:13]} 28. Kg2 {[%clk 0:27:12]}
Rac8 {[%clk 0:22:15]} 29. Qxd5 {[%clk 0:27:12]} Rxd5 {[%clk 0:22:41]} 30. Rb5
{[%clk 0:26:25]} Rd6 {[%clk 0:12:47]} 31. a5 {[%clk 0:25:33]} bxa5 {[%clk
0:13:14]} 32. Raxa5 {[%clk 0:25:55]} a6 {[%clk 0:13:36]} 33. Rb7 {[%clk 0:25:35]}
h6 {[%clk 0:13:59]} 34. b4 {[%clk 0:23:15]} Re6 {[%clk 0:10:00]} 35. Rc5 {[%clk
0:19:16]} Rxc5 {[%clk 0:07:33]} 36. Bxc5 {[%clk 0:19:35]} Bc3 {[%clk 0:07:12]}
37. g4 {[%clk 0:17:12]} g5 {[%clk 0:05:26]} 38. Kf3 {[%clk 0:16:08]} Kg7 {[%clk
0:05:35]} 39. Rd7 {[%clk 0:15:33]} Kg6 {[%clk 0:04:13]} 40. Rd3 {[%clk 0:44:23]}
Bb2 {[%clk 0:34:35]} 41. Rd5 {[%clk 0:35:18]} Ba3 {[%clk 0:27:16]} 42. h3 {[%clk
0:33:27]} Bb2 {[%clk 0:26:19]} 43. Kg3 {[%clk 0:32:46]} Be5+ {[%clk 0:25:04]} 44.
Kg2 {[%clk 0:30:45]} h5 {[%clk 0:24:52]} 45. Kf3 {[%clk 0:29:21]} hxg4+ {[%clk
0:25:05]} 46. hxg4 {[%clk 0:29:45]} Bc3 {[%clk 0:25:12]} 47. Rd3 {[%clk 0:28:30]}
Bb2 {[%clk 0:22:42]} 48. Be3 {[%clk 0:27:30]} f5 {[%clk 0:21:34]} 49. Bc5 {[%clk
0:22:34]} fxg4+ {[%clk 0:19:44]} 50. Kxg4 {[%clk 0:22:58]} Re4+ {[%clk 0:20:11]}
51. Kf3 {[%clk 0:23:05]} Kf5 {[%clk 0:19:40]} 52. Rb3 {[%clk 0:21:14]} Bd4 {[%clk
0:17:34]} 53. Bxd4 {[%clk 0:19:46]} 1/2-1/2

[Event "European Women's Championship"]
[Site "Vysoke Tatry"]
[Date "2018.04.11"]
[Round "4"]
[White "Tsolakidou, Stavroula"]
[Black "Babiy, Olga"]
[Result "1/2-1/2"]
[Board "18"]
[WhiteElo "2430"]
[WhiteTitle "WGM"]
[WhiteCountry "GRE"]
[WhiteFideId "4264312"]
[WhiteEloChange "-2"]
[BlackElo "2318"]
[BlackTitle "WGM"]
[BlackCountry "UKR"]
[BlackFideId "14117258"]
[BlackEloChange "3"]

1. e4 {[%clk 1:30:56]} c5 {[%clk 1:30:55]} 2. Nf3 {[%clk 1:31:22]} e6 {[%clk
1:31:18]} 3. d4 {[%clk 1:31:45]} cxd4 {[%clk 1:31:43]} 4. Nxd4 {[%clk 1:32:11]}
Nc6 {[%clk 1:32:02]} 5. Nc3 {[%clk 1:32:32]} Qc7 {[%clk 1:32:27]} 6. Be3 {[%clk
1:32:54]} a6 {[%clk 1:32:43]} 7. Qf3 {[%clk 1:33:15]} Nf6 {[%clk 1:32:39]} 8.
O-O-O {[%clk 1:33:32]} Rb8 {[%clk 1:32:44]} 9. Be2 {[%clk 1:23:39]} Bb4 {[%clk
1:32:27]} 10. Nxc6 {[%clk 1:07:54]} bxc6 {[%clk 1:29:20]} 11. Bg5 {[%clk
0:48:47]} d5 {[%clk 1:28:00]} 12. Bxf6 {[%clk 0:46:31]} gxf6 {[%clk 1:28:24]} 13.
Qxf6 {[%clk 0:46:50]} Rg8 {[%clk 1:28:46]} 14. Bh5 {[%clk 0:43:47]} Qe7 {[%clk
1:22:47]} 15. Qxe7+ {[%clk 0:36:23]} Kxe7 {[%clk 1:23:03]} 16. g3 {[%clk
0:36:37]} Bxc3 {[%clk 1:12:59]} 17. bxc3 {[%clk 0:37:01]} dxe4 {[%clk 1:13:05]}
18. Rd4 {[%clk 0:27:38]} c5 {[%clk 1:08:10]} 19. Ra4 {[%clk 0:26:30]} Rb6 {[%clk
1:04:44]} 20. Rf1 {[%clk 0:19:28]} Bb7 {[%clk 1:04:05]} 21. Be2 {[%clk 0:19:22]}
f5 {[%clk 0:52:17]} 22. Kd2 {[%clk 0:19:00]} e5 {[%clk 0:46:41]} 23. Ra5 {[%clk
0:17:25]} Rc8 {[%clk 0:36:22]} 24. Ke3 {[%clk 0:15:08]} Rb2 {[%clk 0:33:38]} 25.
f4 {[%clk 0:14:53]} Rxc2 {[%clk 0:25:43]} 26. fxe5 {[%clk 0:13:50]} Ke6 {[%clk
0:26:04]} 27. Rb1 {[%clk 0:11:46]} Bd5 {[%clk 0:24:32]} 28. Bxa6 {[%clk 0:10:03]}
Rc7 {[%clk 0:22:11]} 29. c4 {[%clk 0:05:46]} Bxc4 {[%clk 0:20:16]} 30. Bxc4+
{[%clk 0:06:02]} Rxc4 {[%clk 0:20:43]} 31. Kf4 {[%clk 0:06:19]} e3+ {[%clk
0:19:58]} 32. Kxe3 {[%clk 0:06:33]} Kxe5 {[%clk 0:20:20]} 33. Rb2 {[%clk
0:06:04]} h5 {[%clk 0:18:45]} 1/2-1/2

[Event "European Women's Championship"]
[Site "Vysoke Tatry"]
[Date "2018.04.11"]
[Round "4"]
[White "Vega Gutierrez, Sabrina"]
[Black "Osmanodja, Filiz"]
[Result "0-1"]
[Board "19"]
[WhiteElo "2425"]
[WhiteTitle "IM"]
[WhiteCountry "ESP"]
[WhiteFideId "2219026"]
[WhiteEloChange "-7"]
[BlackElo "2300"]
[BlackTitle "WIM"]
[BlackCountry "GER"]
[BlackFideId "24633569"]
[BlackEloChange "13"]

1. e4 {[%clk 1:30:56]} c5 {[%clk 1:30:55]} 2. Nf3 {[%clk 1:31:16]} d6 {[%clk
1:31:18]} 3. d4 {[%clk 1:31:36]} cxd4 {[%clk 1:31:44]} 4. Nxd4 {[%clk 1:31:58]}
Nf6 {[%clk 1:32:11]} 5. Nc3 {[%clk 1:32:18]} Nc6 {[%clk 1:32:38]} 6. Bg5 {[%clk
1:32:34]} e6 {[%clk 1:33:05]} 7. Qd2 {[%clk 1:32:45]} a6 {[%clk 1:33:13]} 8. Nxc6
{[%clk 1:32:17]} bxc6 {[%clk 1:32:00]} 9. O-O-O {[%clk 1:32:36]} Be7 {[%clk
1:26:01]} 10. Bxf6 {[%clk 1:32:13]} gxf6 {[%clk 1:22:10]} 11. Bc4 {[%clk
1:32:28]} h5 {[%clk 1:13:36]} 12. Rhe1 {[%clk 1:31:03]} Qa5 {[%clk 1:10:04]} 13.
f4 {[%clk 1:18:05]} Rb8 {[%clk 1:04:35]} 14. Re3 {[%clk 1:15:24]} f5 {[%clk
0:46:15]} 15. exf5 {[%clk 0:44:04]} Qxf5 {[%clk 0:46:42]} 16. Qd4 {[%clk
0:38:27]} Rg8 {[%clk 0:44:23]} 17. g3 {[%clk 0:36:58]} Rb4 {[%clk 0:34:20]} 18.
b3 {[%clk 0:32:10]} Qa5 {[%clk 0:17:25]} 19. Qe4 {[%clk 0:14:54]} d5 {[%clk
0:15:20]} 20. Qh7 {[%clk 0:15:00]} Rf8 {[%clk 0:14:21]} 21. Bxd5 {[%clk 0:07:40]}
cxd5 {[%clk 0:14:08]} 22. Nxd5 {[%clk 0:08:07]} exd5 {[%clk 0:12:55]} 23. Qxh5
{[%clk 0:08:12]} Re4 {[%clk 0:07:32]} 24. Rxe4 {[%clk 0:01:35]} Qa3+ {[%clk
0:08:00]} 25. Kb1 {[%clk 0:01:57]} dxe4 {[%clk 0:08:25]} 26. Qh7 {[%clk 0:01:38]}
Qb4 {[%clk 0:04:41]} 27. a3 {[%clk 0:01:01]} Qb7 {[%clk 0:04:10]} 28. f5 {[%clk
0:00:33]} Bf6 {[%clk 0:03:15]} 29. Qh6 {[%clk 0:00:32]} Qe7 {[%clk 0:02:33]} 30.
Qe3 {[%clk 0:00:54]} Qe5 {[%clk 0:02:13]} 31. c3 {[%clk 0:01:21]} Qxc3 {[%clk
0:00:40]} 32. Qxc3 {[%clk 0:01:09]} Bxc3 {[%clk 0:01:07]} 33. Rc1 {[%clk
0:01:33]} Bxf5 {[%clk 0:00:51]} 34. Rxc3 {[%clk 0:02:00]} Kd7 {[%clk 0:00:36]}
35. Rc5 {[%clk 0:01:07]} Bg6 {[%clk 0:00:46]} 36. Rd5+ {[%clk 0:01:10]} Kc6
{[%clk 0:00:45]} 37. Ra5 {[%clk 0:01:03]} Re8 {[%clk 0:00:41]} 38. Kc1 {[%clk
0:01:18]} e3 {[%clk 0:00:40]} 39. Kd1 {[%clk 0:01:45]} Bd3 {[%clk 0:00:41]} 40.
b4 {[%clk 0:31:20]} Kb6 {[%clk 0:30:40]} 41. Rd5 {[%clk 0:28:09]} e2+ {[%clk
0:26:33]} 42. Ke1 {[%clk 0:28:24]} Re3 {[%clk 0:24:57]} 43. Rd6+ {[%clk 0:26:22]}
Kc7 {[%clk 0:25:04]} 44. Rf6 {[%clk 0:26:27]} Bc4 {[%clk 0:24:45]} 45. Rf4 {[%clk
0:23:53]} Rc3 {[%clk 0:24:27]} 46. Kd2 {[%clk 0:23:26]} Rc1 {[%clk 0:24:35]} 0-1

[Event "European Women's Championship"]
[Site "Vysoke Tatry"]
[Date "2018.04.11"]
[Round "4"]
[White "Unuk, Laura"]
[Black "Melia, Salome"]
[Result "1-0"]
[Board "20"]
[WhiteElo "2329"]
[WhiteTitle "WIM"]
[WhiteCountry "SLO"]
[WhiteFideId "14609215"]
[WhiteEloChange "12"]
[BlackElo "2411"]
[BlackTitle "IM"]
[BlackCountry "GEO"]
[BlackFideId "13602446"]
[BlackEloChange "-6"]

1. Nf3 {[%clk 1:30:57]} Nf6 {[%clk 1:30:32]} 2. c4 {[%clk 1:31:00]} d6 {[%clk
1:29:23]} 3. g3 {[%clk 1:26:29]} g6 {[%clk 1:29:16]} 4. Bg2 {[%clk 1:26:34]} Bg7
{[%clk 1:29:30]} 5. d4 {[%clk 1:26:47]} Bf5 {[%clk 1:28:49]} 6. O-O {[%clk
1:24:21]} O-O {[%clk 1:29:15]} 7. b3 {[%clk 1:20:22]} Qc8 {[%clk 1:28:54]} 8. Bb2
{[%clk 1:16:54]} Bh3 {[%clk 1:28:58]} 9. Nbd2 {[%clk 1:15:25]} Bxg2 {[%clk
1:27:26]} 10. Kxg2 {[%clk 1:15:50]} Nc6 {[%clk 1:22:02]} 11. e4 {[%clk 1:14:40]}
e5 {[%clk 1:22:04]} 12. d5 {[%clk 1:05:54]} Ne7 {[%clk 1:21:04]} 13. c5 {[%clk
1:04:44]} Nh5 {[%clk 1:17:20]} 14. h3 {[%clk 0:57:00]} dxc5 {[%clk 0:56:07]} 15.
Qc2 {[%clk 0:38:45]} f5 {[%clk 0:50:44]} 16. Ng5 {[%clk 0:34:32]} fxe4 {[%clk
0:48:25]} 17. Qxe4 {[%clk 0:21:18]} Qd7 {[%clk 0:42:12]} 18. Ne6 {[%clk 0:18:22]}
Rfe8 {[%clk 0:24:45]} 19. Nxc5 {[%clk 0:05:47]} Qxd5 {[%clk 0:24:54]} 20. Qxd5+
{[%clk 0:06:11]} Nxd5 {[%clk 0:25:21]} 21. Nxb7 {[%clk 0:06:35]} e4 {[%clk
0:24:55]} 22. Bxg7 {[%clk 0:06:38]} Nxg7 {[%clk 0:24:27]} 23. Nc4 {[%clk
0:05:00]} Nf5 {[%clk 0:22:14]} 24. Rfd1 {[%clk 0:03:02]} Nb6 {[%clk 0:15:11]} 25.
g4 {[%clk 0:00:42]} Nh4+ {[%clk 0:12:19]} 26. Kg3 {[%clk 0:00:53]} Rf8 {[%clk
0:12:26]} 27. Kxh4 {[%clk 0:00:52]} Rxf2 {[%clk 0:11:31]} 28. Rf1 {[%clk
0:01:01]} Rg2 {[%clk 0:11:39]} 29. Ne3 {[%clk 0:00:45]} Re2 {[%clk 0:11:50]} 30.
Rfe1 {[%clk 0:00:46]} Rf2 {[%clk 0:12:07]} 31. Nc5 {[%clk 0:01:00]} h6 {[%clk
0:12:01]} 32. Rf1 {[%clk 0:00:39]} Re2 {[%clk 0:10:49]} 33. Rae1 {[%clk 0:00:43]}
Rxa2 {[%clk 0:11:08]} 34. Nxe4 {[%clk 0:01:01]} Kg7 {[%clk 0:11:26]} 35. g5
{[%clk 0:00:48]} Re8 {[%clk 0:09:37]} 36. gxh6+ {[%clk 0:01:06]} Kxh6 {[%clk
0:10:00]} 37. Ng5 {[%clk 0:00:54]} 1-0

[Event "European Women's Championship"]
[Site "Vysoke Tatry"]
[Date "2018.04.11"]
[Round "4"]
[White "Belenkaya, Dina"]
[Black "Gaponenko, Inna"]
[Result "1/2-1/2"]
[Board "21"]
[WhiteElo "2308"]
[WhiteTitle "WGM"]
[WhiteCountry "RUS"]
[WhiteFideId "24142654"]
[WhiteEloChange "3"]
[BlackElo "2406"]
[BlackTitle "IM"]
[BlackCountry "UKR"]
[BlackFideId "14101181"]
[BlackEloChange "-1"]

1. e4 {[%clk 1:30:54]} c5 {[%clk 1:30:56]} 2. Nf3 {[%clk 1:31:20]} g6 {[%clk
1:31:20]} 3. c3 {[%clk 1:31:38]} d5 {[%clk 1:31:23]} 4. e5 {[%clk 1:31:55]} Nc6
{[%clk 1:31:08]} 5. d4 {[%clk 1:31:36]} Bg4 {[%clk 1:31:05]} 6. Bb5 {[%clk
1:30:57]} Qb6 {[%clk 1:30:56]} 7. Bxc6+ {[%clk 1:29:31]} Qxc6 {[%clk 1:30:15]} 8.
O-O {[%clk 1:27:17]} e6 {[%clk 1:20:11]} 9. Nbd2 {[%clk 1:26:39]} cxd4 {[%clk
1:03:11]} 10. cxd4 {[%clk 1:26:41]} Rc8 {[%clk 1:03:23]} 11. Qe2 {[%clk 1:20:45]}
Ne7 {[%clk 0:57:13]} 12. b3 {[%clk 1:16:48]} Qc2 {[%clk 0:32:46]} 13. Qb5+ {[%clk
1:05:33]} Qc6 {[%clk 0:32:43]} 14. Qe2 {[%clk 0:51:56]} Qc2 {[%clk 0:19:13]} 15.
Qb5+ {[%clk 0:50:52]} Qc6 {[%clk 0:19:07]} 16. Qe2 {[%clk 0:47:24]} 1/2-1/2